Etiqueta de registo: 00000nkm 2200025 450
001 2265602
003 http://id.bnportugal.gov.pt/bib/catbnp/2265602
100 ## $a20260211d1986 m y0pory01030103ba
101 0# $aengspa
102 ## $aES
200 1# $aArco contemporary art, international fair of Madrid, 10-15 april'86$bVisual gráfico]$fIFEMA e Trade Fair Organization of Madrid$gDiseño Juan Ariño$gDiseño Diego Lara
210 #9 $a[Madrid]$cIFEMA$d1986$eMadrid :$gArtes Gráf. Danubio)
215 ## $a1 cartaz$ccolor.$d68x48 cm
317 ## $aColeção Madeira Luís
675 ## $a766(=1:469)"198"(084.5)$vBN$zpor$31974866
702 #1 $aAriño,$bJuan$4440$31985051
702 #1 $aLara,$bDiego$4440$31985053
710 02 $aIFEMA - Feria de Madrid$31661560
711 01 $aTrade Fair Organization of Madrid$31985055
801 #0 $aPT$bBN$gRPC
966 ## $lBN$mICONOG$sCT. 20439 A.$x3
971 ## $cCaticonografia5$d20260211
995 ## $aPRR2026 $d20260211$iCaticonografia5